Maritime product liability /

Bibliographic Details
Other Authors: Fisher, Kenneth W., Safirstein, Amanda
Format: Book
Language:English
Published: South Orange, N.J. : Fisher Maritime Transportation Counselors, 1979.
Subjects:

MARC

Tag First Indicator Second Indicator Subfields
LEADER 00000cam a2200000 a 4500
001 in00000077834
005 20151008055033.0
008 800218s1979 nju 00000 eng d
035 |a (OCoLC)05993813 
035 |9 AAJ2384AM 
040 |a FSL  |c FSL  |d TXA  |d UtOrBLW 
049 |a TXAM  |c [1272059] 
090 |a K954.M4  |b F57 
245 0 0 |a Maritime product liability /  |c Kenneth W. Fisher, editor ; Amanda Safirstein, assistant editor. 
264 1 |a South Orange, N.J. :  |b Fisher Maritime Transportation Counselors,  |c 1979. 
300 |a xii, 223 pages ;  |c 26 cm. 
336 |a text  |b txt  |2 rdacontent 
337 |a unmediated  |b n  |2 rdamedia 
338 |a volume  |b nc  |2 rdacarrier 
650 0 |a Liability for marine accidents. 
650 0 |a Maritime law. 
650 0 |a Products liability. 
700 1 |a Fisher, Kenneth W. 
700 1 |a Safirstein, Amanda. 
999 |a MARS 
999 f f |s 52e23761-e3b9-3823-8097-8646b39a2c5c  |i 620274ee-473a-3bce-a155-57e8bc9e84db  |t 0 
952 f f |p ric  |a Texas A&M University  |b Rellis Campus  |c Joint Library Facility  |d Remote Storage  |t 0  |e K954.M4 F57  |h Library of Congress classification  |i unmediated -- volume  |m A14806154008 
998 f f |a K954.M4 F57  |t 0  |l Remote Storage